000 01751nam0a22002651 4500
001 rc\2377876
005 20250623005642.0
035 _a(NLR Aleph) 006500913
090 _a6230318
_c6230318
100 _a20110829d1979 |||y0rusy50 ca
101 0 _arus
102 _aRU
105 _ay z |||||
200 1 _aРазработать научные основы и методы интенсификации кормопроизводства и улучшения качества кормов по зонам страны
_eКоординац. отчет о выполн. науч. исслед. по заданию 01
_fМ-во сел. хоз-ва СССР, ВНИИ кормов им. В.Р. Вильямса
_gРуководители: к. с.-х. н. В.И. Игловиков, д. с.-х. н., проф. А.А. Кутузова
_hПробл. 0.51.04
_iРазработать научные основы реконструкции природных кормовых угодий, приемы создания и использования пастбищ и сенокосов интенсивного типа, обеспечивающие по зонам страны продуктивность 6-15 тыс. кормовых единиц с 1 га, повышение качество корма и животноводческой продукции за 1978 год
210 _aМосква
_cБ. и.
_d1979
215 _a58 с.
_d20
300 _aНа обл. только др. загл.
333 _aДСП. Экз. № 6
702 1 _aИгловиков
_bВ.Г.
_4570
702 1 _aКутузова
_bА.А.
_4570
801 0 _aRU
_bNLR
_gpsbo
801 1 _aRU
_bELAR
_2rusmarc
852 _aNLR
_j79-50К/4534
942 _cBOOK
980 _aNB